00438 2200145 4500001002100000008004100021035002000062245007800082100002000160260003300180300002100213082001500234650003000249990001300279INLIS000000000000381 ind  a0010-0322000381 aLEGENDA MALIN KUNDANG SI ANAK DURHAKA DAN 7 DONGENG POPULER LAINNYAcIKHA aTITIS ASMARANDA aSURABAYAbCV DUA MEDIAc2012 a128 hlm.c25 cm. a398.395 98 aCERITA RAKYAT - INDONESIA a102586-1